[Event "Eger Agria op"]
[Site "Eger"]
[Date "2009.07.24"]
[Round "4"]
[White "Csvila, Gabor"]
[Black "Kladiva, Istvan"]
[Result "1/2-1/2"]
[WhiteElo "2190"]
[BlackElo "2007"]
[PlyCount "109"]
[EventDate "2009.07.22"]
[EventType "swiss"]
[EventRounds "7"]
[EventCountry "HUN"]
[SourceTitle "EXT 2011"]
[Source "ChessBase"]
[SourceDate "2010.11.26"]
[SourceVersion "1"]
[SourceVersionDate "2010.11.26"]
[SourceQuality "1"]

1. d4 d5 2. c4 e6 3. Nc3 Nf6 4. cxd5 exd5 5. Bg5 Be7 6. e3 Nbd7 7. Bd3 h6 8. Bh4 c6 9. Nge2 0-0 10. Qc2 Re8 11. 0-0 b5 12. a4 b4 13. Nb1 c5 14. dxc5 Qc7 15. c6 Nc5 16. Nd4 Qe5 17. Bg3 Qh5 18. Be2 Bg4 19. Bxg4 Nxg4 20. Nd2 Qg5 21. h4 Qf6 22. Qf5 Qxf5 23. Nxf5 Bf8 24. b3 Rac8 25. Nd4 a6 26. Rac1 g6 27. c7 Ne5 28. N2f3 f6 29. Rc2 Rxc7 30. Nxe5 fxe5 31. Nf3 Ra7 32. Nxe5 Nxb3 33. Nxg6 Bg7 34. Rb1 Na1 35. Rcc1 b3 36. Rxa1 b2 37. Rab1 bxc1Q+ 38. Rxc1 Re4 39. a5 Rc4 40. Rd1 Rc5 41. Nf4 Rd7 42. Ne6 Rxa5 43. Nxg7 Kxg7 44. Be5+ Kf7 45. g4 Ra4 46. f4 Ra2 47. f5 Re2 48. Bd4 Rc7 49. g5 hxg5 50. hxg5 Rcc2 51. g6+ Kg8 52. Rb1 Rg2+ 53. Kh1 Rh2+ 54. Kg1 Rcg2+ 55. Kf1 1/2-1/2

[Event "Eger Agria op"]
[Site "Eger"]
[Date "2009.07.24"]
[Round "5"]
[White "Kladiva, Istvan"]
[Black "Demeter, Istvan"]
[Result "0-1"]
[WhiteElo "2007"]
[BlackElo "2104"]
[PlyCount "74"]
[EventDate "2009.07.22"]
[EventType "swiss"]
[EventRounds "7"]
[EventCountry "HUN"]
[SourceTitle "EXT 2011"]
[Source "ChessBase"]
[SourceDate "2010.11.26"]
[SourceVersion "1"]
[SourceVersionDate "2010.11.26"]
[SourceQuality "1"]

1. d4 Nf6 2. c4 c5 3. dxc5 Na6 4. Nc3 Nxc5 5. Qc2 g6 6. e4 d6 7. Nf3 Bg7 8. Be2 0-0 9. 0-0 a5 10. h3 a4 11. Be3 b6 12. Nd2 Bb7 13. Rad1 Bc6 14. f4 Qc7 15. Bf3 Qb7 16. g4 Rfc8 17. Bd4 Ne6 18. Be3 Nd7 19. Ne2 b5 20. b3 axb3 21. axb3 bxc4 22. bxc4 Ra3 23. Rb1 Qa6 24. Rb3 Ra2 25. Qc1 Ndc5 26. Bxc5 Nxc5 27. Re3 Qa5 28. Nb1 Qb6 29. e5 dxe5 30. Ra3 Nd3+ 31. c5 Nxc1 32. cxb6 Nxe2+ 33. Kf2 Rxa3 34. Bxc6 Rxc6 35. Nxa3 Rxb6 36. Kxe2 Rb2+ 37. Ke1 Ra2 0-1

[Event "Nyiregyhaza op"]
[Site "Nyiregyhaza"]
[Date "2008.07.27"]
[Round "7"]
[White "Kladiva, Istvan"]
[Black "Simai, Mate"]
[Result "1-0"]
[WhiteElo "2024"]
[BlackElo "2101"]
[PlyCount "81"]
[EventDate "2008.07.23"]
[EventType "swiss"]
[EventRounds "7"]
[EventCountry "HUN"]
[SourceTitle "EXT 2009"]
[Source "ChessBase"]
[SourceDate "2008.11.26"]
[SourceVersion "1"]
[SourceVersionDate "2008.11.26"]
[SourceQuality "1"]

1. d4 d5 2. Nf3 Nf6 3. g3 Bf5 4. Bg2 e6 5. 0-0 c5 6. c4 Nc6 7. cxd5 exd5 8. Nc3 c4 9. Ne5 Bb4 10. Qa4 Bxc3 11. bxc3 Qa5 12. Qxa5 Nxa5 13. Ba3 Nc6 14. g4 Be6 15. Rab1 Nxe5 16. dxe5 Nxg4 17. Rxb7 Nxe5 18. Rfb1 Nc6 19. Rc7 Rb8 20. Rxb8+ Nxb8 21. Bxd5 Kd8 22. Rxc4 Bxd5 23. Rd4 Kc7 24. Rxd5 Nc6 25. Bd6+ Kb6 26. e4 Re8 27. f3 f6 28. Kf2 Ne7 29. Bxe7 Rxe7 30. Ke3 Kc6 31. Kd4 Rb7 32. Rc5+ Kd6 33. Ra5 Rb2 34. Ra6+ Ke7 35. Rxa7+ Ke6 36. h4 Rh2 37. Rxg7 Rxh4 38. a4 Rh1 39. f4 h5 40. f5+ Kd6 41. Rf7 1-0

[Event "Nyiregyhaza op"]
[Site "Nyiregyhaza"]
[Date "2008.07.23"]
[Round "1"]
[White "Kladiva, Istvan"]
[Black "Dencsi, Tibor"]
[Result "0-1"]
[WhiteElo "2024"]
[BlackElo "2319"]
[PlyCount "84"]
[EventDate "2008.07.23"]
[EventType "swiss"]
[EventRounds "7"]
[EventCountry "HUN"]
[SourceTitle "EXT 2009"]
[Source "ChessBase"]
[SourceDate "2008.11.26"]
[SourceVersion "1"]
[SourceVersionDate "2008.11.26"]
[SourceQuality "1"]

1. e4 c5 2. Nf3 e6 3. d4 cxd4 4. Nxd4 Nf6 5. Bd3 Nc6 6. Nxc6 bxc6 7. 0-0 d5 8. exd5 cxd5 9. c4 Be7 10. Nc3 d4 11. Ne4 0-0 12. Bf4 Bb7 13. Nxf6+ Bxf6 14. Qh5 g6 15. Qb5 Qc8 16. Bd6 Rd8 17. c5 Bc6 18. Qa6 Bb7 19. Qb5 a6 20. Qa5 Rd7 21. Rac1 Bc6 22. Rc2 Qb7 23. f3 Bg5 24. Qe1 Be3+ 25. Kh1 Kg7 26. Qh4 f6 27. Qg4 Re8 28. Bc4 e5 29. Bd3 Rf7 30. Bf5 Kh8 31. Be6 Rg7 32. Bc4 f5 33. Qh4 g5 34. Qh5 Rg6 35. b4 Bf4 36. Bd3 Kg7 37. g3 Rh6 38. Qxh6+ Kxh6 39. gxf4 Bxf3+ 40. Kg1 gxf4 41. Bxa6 Rg8+ 42. Kf2 Qxa6 0-1

[Event "Eger Agria op"]
[Site "Eger"]
[Date "2005.07.24"]
[Round "1"]
[White "Pataki, Gyozo"]
[Black "Kladiva, Istvan"]
[Result "1-0"]
[WhiteElo "2346"]
[BlackElo "2072"]
[PlyCount "89"]
[EventDate "2005.07.18"]
[EventType "swiss"]
[EventRounds "9"]
[EventCountry "HUN"]
[SourceTitle "EXT 2008"]
[Source "ChessBase"]
[SourceDate "2007.11.25"]
[SourceVersion "1"]
[SourceVersionDate "2007.11.25"]
[SourceQuality "1"]

1. d4 d5 2. c4 dxc4 3. Nf3 c6 4. e3 b5 5. a4 bxa4 6. Bxc4 e6 7. Qxa4 Nf6 8. Bd2 Bd6 9. Nc3 0-0 10. e4 Nfd7 11. Qc2 e5 12. dxe5 Nxe5 13. Nxe5 Bxe5 14. 0-0 Kh8 15. Be3 Qe7 16. f4 Bd6 17. Qf2 Nd7 18. Rfd1 Bb4 19. h3 Bxc3 20. bxc3 Qxe4 21. Bd3 Qe7 22. Bxa7 Re8 23. Re1 Rxa7 24. Qxa7 Qd8 25. Bc4 Rf8 26. Rad1 Qh4 27. Qf2 Qh5 28. Rd6 Nf6 29. Re5 Qg6 30. Bd3 Ne4 31. Rxg6 Nxf2 32. Rd6 Nxd3 33. Rxd3 Be6 34. f5 Bd5 35. Rd4 g6 36. c4 f6 37. Re7 Bf7 38. fxg6 hxg6 39. Rc7 Be8 40. Rd8 Kg8 41. Kf2 g5 42. Ke3 f5 43. Kd4 g4 44. hxg4 fxg4 45. g3 1-0

[Event "Eger Agria op"]
[Site "Eger"]
[Date "2004.07.23"]
[Round "7"]
[White "Bakos, Levente"]
[Black "Kladiva, Istvan"]
[Result "1-0"]
[WhiteElo "1920"]
[BlackElo "2093"]
[PlyCount "59"]
[EventDate "2004.07.17"]
[EventType "swiss"]
[EventRounds "9"]
[EventCountry "HUN"]
[SourceTitle "EXT 2008"]
[Source "ChessBase"]
[SourceDate "2007.11.25"]
[SourceVersion "1"]
[SourceVersionDate "2007.11.25"]
[SourceQuality "1"]

1. e4 c5 2. Nf3 Nc6 3. d4 cxd4 4. Nxd4 Qc7 5. Be3 Nf6 6. Nc3 e6 7. Bd3 a6 8. 0-0 b5 9. Qe2 Bb7 10. f4 b4 11. Nd1 Bc5 12. Nxc6 Qxc6 13. Nf2 d5 14. Bxc5 Qxc5 15. e5 Nd7 16. Rfc1 Qd4 17. Qg4 Qxb2 18. Qxg7 0-0-0 19. Qxf7 Rdf8 20. Qxe6 Rxf4 21. Bxa6 Bxa6 22. Qxa6+ Kb8 23. Qd6+ Ka8 24. Qxd5+ Kb8 25. Qxd7 Qxe5 26. Re1 Qf6 27. Rad1 Rf8 28. Re8+ Rxe8 29. Qxe8+ Kc7 30. Rd7+ 1-0

[Event "Eger Agria op"]
[Site "Eger"]
[Date "2004.07.21"]
[Round "5"]
[White "Chetverik, Maxim"]
[Black "Kladiva, Istvan"]
[Result "1-0"]
[WhiteElo "2373"]
[BlackElo "2093"]
[PlyCount "80"]
[EventDate "2004.07.17"]
[EventType "swiss"]
[EventRounds "9"]
[EventCountry "HUN"]
[SourceTitle "EXT 2008"]
[Source "ChessBase"]
[SourceDate "2007.11.25"]
[SourceVersion "1"]
[SourceVersionDate "2007.11.25"]
[SourceQuality "1"]

1. d4 Nf6 2. c4 g6 3. Nf3 Bg7 4. g3 0-0 5. Bg2 c5 6. 0-0 cxd4 7. Nxd4 Nc6 8. Nc3 Ng4 9. e3 Nge5 10. b3 d6 11. h3 Bd7 12. Bb2 Rb8 13. a3 Na5 14. Rb1 a6 15. Kh2 Qb6 16. Nd5 Qd8 17. f4 e6 18. Nb4 Nec6 19. Ndxc6 Bxc6 20. Bxg7 Kxg7 21. e4 Qe7 22. Qd2 Qc7 23. h4 f6 24. h5 Rf7 25. h6+ Kg8 26. Rfd1 Rd7 27. Qd4 e5 28. Qd2 Ra8 29. Bh3 Re7 30. Nd5 Bxd5 31. cxd5 exf4 32. Be6+ Rxe6 33. dxe6 fxg3+ 34. Kg2 Rd8 35. Rdc1 Nc6 36. Qd5 Qe7 37. b4 f5 38. exf5 Qh4 39. e7+ Kh8 40. exd8Q+ Qxd8 1-0

[Event "Eger Agria op"]
[Site "Eger"]
[Date "2004.07.18"]
[Round "2"]
[White "Blasko, Istvan"]
[Black "Kladiva, Istvan"]
[Result "1-0"]
[WhiteElo "2280"]
[BlackElo "2093"]
[PlyCount "47"]
[EventDate "2004.07.17"]
[EventType "swiss"]
[EventRounds "9"]
[EventCountry "HUN"]
[SourceTitle "EXT 2008"]
[Source "ChessBase"]
[SourceDate "2007.11.25"]
[SourceVersion "1"]
[SourceVersionDate "2007.11.25"]
[SourceQuality "1"]

1. c4 c5 2. Nf3 Nf6 3. g3 Nc6 4. Bg2 g6 5. 0-0 Bg7 6. Nc3 0-0 7. d4 d6 8. d5 Ne5 9. Nxe5 dxe5 10. Qb3 Rb8 11. Qa3 Qb6 12. Be3 Nd7 13. Ne4 Qc7 14. Qxa7 f5 15. Nxc5 f4 16. Ne6 Qxc4 17. Nxf8 Kxf8 18. Bh3 Qc7 19. Rac1 Qd6 20. Bxd7 Bxd7 21. Bc5 Qxd5 22. Qxb8+ Kf7 23. Rfd1 Qe6 24. Qxb7 1-0

[Event "Eger Agria op"]
[Site "Eger"]
[Date "2002.08.08"]
[Round "4.2"]
[White "Kladiva, Istvan"]
[Black "Horvath, Sandor"]
[Result "0-1"]
[WhiteElo "2086"]
[BlackElo "2094"]
[PlyCount "80"]
[EventDate "2002.08.??"]
[EventType "swiss"]
[EventRounds "9"]
[EventCountry "HUN"]
[SourceTitle "EXT 2004"]
[Source "ChessBase"]
[SourceDate "2003.11.25"]
[SourceVersion "1"]
[SourceVersionDate "2003.11.25"]
[SourceQuality "1"]

1. d4 Nf6 2. c4 g6 3. Nc3 d5 4. cxd5 Nxd5 5. e4 Nxc3 6. bxc3 Bg7 7. Bc4 c5 8. Be3 0-0 9. Ne2 Nc6 10. 0-0 Qc7 11. Rc1 Rd8 12. Bf4 Qd7 13. Qb3 Rf8 14. Bb5 cxd4 15. Qa4 dxc3 16. Rfd1 Qe6 17. Rd5 a6 18. Bc4 Qxe4 19. Re5 Qxe5 20. Bxe5 Nxe5 21. Nxc3 Bd7 22. Qb4 Nxc4 23. Qxe7 Bc6 24. Ne4 Rfe8 25. Nf6+ Bxf6 26. Qxf6 Re6 27. Qc3 Rae8 28. h4 Nd6 29. Qb4 h5 30. Rc5 Nf5 31. f3 Re1+ 32. Kh2 R1e2 33. Qf4 Ne3 34. Rg5 Re6 35. a4 Nc2 36. a5 Kg7 37. Rg3 f6 38. Qf5 Be8 39. Qxh5 Ne3 40. Kh3 Re5 0-1

[Event "HUN-chT3 9900"]
[Site "Hungary"]
[Date "1999.10.17"]
[Round "3"]
[White "Pap, Janos"]
[Black "Kladiva, Istvan"]
[Result "1/2-1/2"]
[WhiteElo "2145"]
[BlackElo "2090"]
[PlyCount "65"]
[EventDate "1999.09.26"]
[EventType "team"]
[EventRounds "11"]
[EventCountry "HUN"]
[SourceTitle "EXT 2002"]
[Source "ChessBase"]
[SourceDate "2001.11.25"]
[SourceVersion "1"]
[SourceVersionDate "2001.11.25"]
[SourceQuality "1"]

1. d4 Nf6 2. c4 g6 3. Nc3 d5 4. cxd5 Nxd5 5. e4 Nxc3 6. bxc3 Bg7 7. Nf3 c5 8. Rb1 Nc6 9. d5 Na5 10. c4 b6 11. Bb2 Bxb2 12. Rxb2 Bd7 13. Bd3 Qc7 14. 0-0 0-0-0 15. e5 g5 16. Re1 f6 17. Rbe2 h6 18. Qc2 Kb8 19. Nd2 Bg4 20. f3 Bc8 21. Bf5 e6 22. Bxe6 Bxe6 23. dxe6 fxe5 24. Rxe5 Rxd2 25. Qxd2 Nxc4 26. Qd5 Nxe5 27. Rxe5 Rd8 28. Qe4 c4 29. e7 Re8 30. Re6 Qc5+ 31. Kf1 c3 32. Qc6 Qxc6 33. Rxc6 1/2-1/2

[Event "HUN-chT2 9899"]
[Site "Hungary"]
[Date "1999.??.??"]
[Round "?"]
[White "Kladiva, Istvan"]
[Black "Forgacs, Jozsef"]
[Result "0-1"]
[WhiteElo "2120"]
[BlackElo "2345"]
[PlyCount "68"]
[EventDate "1998.??.??"]
[EventType "team"]
[EventRounds "12"]
[EventCountry "HUN"]
[SourceTitle "EXT 2000"]
[Source "ChessBase"]
[SourceDate "1999.11.16"]
[SourceVersion "1"]
[SourceVersionDate "1999.11.16"]
[SourceQuality "1"]

1. c4 e5 2. Nc3 Bb4 3. e4 Bxc3 4. dxc3 d6 5. Be3 Nf6 6. Bd3 Nbd7 7. f3 Nc5 8. Ne2 a5 9. b4 Ne6 10. 0-0 Qe7 11. Qd2 Nh5 12. Rae1 Bd7 13. g3 g5 14. Nc1 Rg8 15. Kh1 Rg6 16. Rg1 b6 17. Be2 Bc6 18. Nd3 Nf6 19. Nf2 g4 20. Bh6 axb4 21. cxb4 Nd4 22. Bd1 gxf3 23. Be3 Ne2 24. Bxe2 fxe2 25. Qc2 Nxe4 26. Nxe4 f5 27. Qxe2 Bxe4+ 28. Rg2 Ra4 29. Qd2 Qd7 30. Kg1 Bxg2 31. Kxg2 Qc6+ 32. Kh3 Qxc4 33. Qd1 Rxa2 34. Qh5 Qg4+ 0-1

[Event "HUN-chT2 9899"]
[Site "Hungary"]
[Date "1998.??.??"]
[Round "?"]
[White "Kladiva, Istvan"]
[Black "Gara, Peter"]
[Result "1-0"]
[WhiteElo "2120"]
[BlackElo "2225"]
[PlyCount "79"]
[EventDate "1998.??.??"]
[EventType "team"]
[EventRounds "12"]
[EventCountry "HUN"]
[SourceTitle "EXT 2000"]
[Source "ChessBase"]
[SourceDate "1999.11.16"]
[SourceVersion "1"]
[SourceVersionDate "1999.11.16"]
[SourceQuality "1"]

1. d4 d5 2. c4 e6 3. Nf3 c5 4. e3 Nc6 5. Nc3 Nf6 6. Be2 a6 7. 0-0 Bd6 8. a3 0-0 9. dxc5 Bxc5 10. b4 Ba7 11. Bb2 d4 12. exd4 Nxd4 13. Bd3 e5 14. h3 Re8 15. Re1 Bb8 16. Nxd4 exd4 17. Rxe8+ Qxe8 18. Ne2 Qe5 19. Ng3 g6 20. Be2 Ba7 21. c5 Bf5 22. Qxd4 Qxd4 23. Bxd4 Ne4 24. Bf3 Nxg3 25. fxg3 Re8 26. Bxb7 Bc8 27. Bxc8 Rxc8 28. Re1 Kf8 29. Bf6 Rc6 30. Rf1 Bb8 31. g4 Re6 32. g5 Ke8 33. Rd1 Bc7 34. Kf2 h5 35. a4 Re4 36. b5 Rxa4 37. b6 Ra2+ 38. Kf3 Ra3+ 39. Ke2 Ra2+ 40. Kf1 1-0

[Event "HUN-chT2 9899"]
[Site "Hungary"]
[Date "1998.??.??"]
[Round "?"]
[White "Kovacs, Arthur"]
[Black "Kladiva, Istvan"]
[Result "1-0"]
[WhiteElo "2175"]
[BlackElo "2120"]
[PlyCount "87"]
[EventDate "1998.??.??"]
[EventType "team"]
[EventRounds "12"]
[EventCountry "HUN"]
[SourceTitle "EXT 2000"]
[Source "ChessBase"]
[SourceDate "1999.11.16"]
[SourceVersion "1"]
[SourceVersionDate "1999.11.16"]
[SourceQuality "1"]

1. d4 Nf6 2. Nf3 d5 3. c4 e6 4. Nc3 c6 5. cxd5 cxd5 6. Bf4 Bd6 7. Ne5 a6 8. e3 b5 9. Bd3 Bb7 10. Rc1 Qe7 11. Bb1 Nbd7 12. Qf3 Nb6 13. Ng4 Bxf4 14. Qxf4 Nh5 15. Qf3 Rc8 16. 0-0 b4 17. Ne2 Nc4 18. Rc2 f5 19. Ne5 Nf6 20. Ng3 Nxe5 21. dxe5 Ng4 22. Rxc8+ Bxc8 23. Rc1 0-0 24. Qf4 g5 25. Qd4 f4 26. exf4 gxf4 27. Nf1 Qg5 28. Rc7 Qxe5 29. Qc5 Rf7 30. Rxc8+ Kg7 31. Qxb4 Qe2 32. Qc3+ Kh6 33. Qh3+ Kg7 34. Qxh7+ Kf6 35. Qg6+ Ke5 36. Rc2 Qd1 37. Rd2 Qe1 38. Qxg4 Qxb1 39. Qg5+ Rf5 40. Qg7+ Kd6 41. Qc3 Re5 42. Qb4+ Kd7 43. Qb7+ Kd6 44. Qb8+ 1-0

[Event "HUN-chT2"]
[Site "Hungary"]
[Date "1997.??.??"]
[Round "5"]
[White "Kladiva, Istvan"]
[Black "Lengyel, Laszlo"]
[Result "1/2-1/2"]
[WhiteElo "2085"]
[BlackElo "2160"]
[PlyCount "112"]
[EventDate "1997.??.??"]
[EventType "team-swiss"]
[EventRounds "13"]
[EventCountry "HUN"]
[SourceTitle "EXT 2006"]
[Source "ChessBase"]
[SourceDate "2005.11.24"]
[SourceVersion "1"]
[SourceVersionDate "2005.11.24"]
[SourceQuality "1"]

1. d4 g6 2. c4 Bg7 3. Nc3 d6 4. e4 a6 5. Be3 Nf6 6. f3 b6 7. Qd2 h6 8. Bd3 c5 9. Nge2 Nc6 10. Rd1 e5 11. dxc5 dxc5 12. Nd5 Be6 13. Bc2 0-0 14. Bxh6 Nxe4 15. Bxe4 Qh4+ 16. g3 Bxh6 17. gxh4 Bxd2+ 18. Rxd2 f5 19. Nf6+ Rxf6 20. Bxc6 Ra7 21. Bd5 Rh7 22. Bxe6+ Rxe6 23. Rd8+ Kf7 24. Rd7+ Re7 25. Rxe7+ Kxe7 26. 0-0 Rxh4 27. b3 b5 28. cxb5 axb5 29. Nc3 b4 30. Nd5+ Ke6 31. Ne3 e4 32. Ng2 Rh6 33. fxe4 fxe4 34. Rf4 Ke5 35. Rg4 Kd4 36. Rg3 g5 37. Ne3 Ra6 38. Nc2+ Ke5 39. Rxg5+ Kf4 40. Rxc5 Rxa2 41. Nxb4 Rb2 42. Nd5+ Ke5 43. Nb6+ Kf4 44. Rc3 Rb1+ 45. Kg2 Rb2+ 46. Kh3 Ra2 47. Rg3 Ra6 48. Nd5+ Ke5 49. Rg5+ Kd4 50. Kg4 Ra2 51. Nf4 Rxh2 52. b4 e3 53. Kg3 Rb2 54. b5 Kc4 55. Re5 Rxb5 56. Rxe3 Rb3 1/2-1/2

[Event "HUN-chT2"]
[Site "Hungary"]
[Date "1996.??.??"]
[Round "?"]
[White "Juhasz, Mihaly"]
[Black "Kladiva, Istvan"]
[Result "1/2-1/2"]
[WhiteElo "2240"]
[BlackElo "2095"]
[PlyCount "31"]
[EventDate "1996.??.??"]
[EventType "team"]
[EventRounds "13"]
[EventCountry "HUN"]
[SourceTitle "EXT 2006"]
[Source "ChessBase"]
[SourceDate "2005.11.24"]
[SourceVersion "1"]
[SourceVersionDate "2005.11.24"]
[SourceQuality "1"]

1. g3 g6 2. Bg2 Bg7 3. d4 d5 4. Nf3 Nf6 5. 0-0 0-0 6. Nbd2 Nbd7 7. c4 c5 8. cxd5 Nxd5 9. e4 Nb4 10. Qb3 a5 11. a3 a4 12. Qd1 Nd3 13. Nc4 Nxc1 14. Rxc1 cxd4 15. Nxd4 Nc5 16. e5 1/2-1/2

[Event "Balatonbereny op"]
[Site "Balatonbereny"]
[Date "1995.??.??"]
[Round "9"]
[White "Kladiva, Istvan"]
[Black "Sziraki, Tamas"]
[Result "0-1"]
[WhiteElo "2085"]
[BlackElo "2255"]
[PlyCount "84"]
[EventDate "1995.??.??"]
[EventType "swiss"]
[EventRounds "9"]
[EventCountry "HUN"]
[SourceTitle "CBM 049 Extra"]
[Source "ChessBase"]
[SourceDate "1996.01.01"]
[SourceVersion "1"]
[SourceVersionDate "1996.01.01"]
[SourceQuality "1"]

1. d4 Nf6 2. c4 g6 3. Nc3 Bg7 4. Nf3 0-0 5. Bg5 d6 6. e3 Nbd7 7. Be2 h6 8. Bh4 e6 9. Nd2 c6 10. f4 e5 11. Nde4 exf4 12. exf4 Qc7 13. Qd3 Nxe4 14. Nxe4 d5 15. cxd5 cxd5 16. Nc3 Nf6 17. 0-0 Bf5 18. Qb5 Rad8 19. g4 Be4 20. Rad1 a6 21. Qb3 Rfe8 22. Nxe4 Rxe4 23. Bf3 Re6 24. Bg3 Ne4 25. Bxe4 Rxe4 26. f5 Qe7 27. Qb6 gxf5 28. gxf5 Bf6 29. Rde1 Rd7 30. Kh1 Kh7 31. Be5 Bxe5 32. Rxe4 dxe4 33. dxe5 Qxe5 34. Qe3 Rd3 35. Qe2 Qd5 36. Qg4 Rd2 37. f6 e3+ 38. Kg1 Qg5 39. Qxg5 hxg5 40. Rf5 Kg6 41. Rf3 Rd1+ 42. Rf1 e2 0-1